| 000 | 00439nam a2200181Ia 4500 | ||
|---|---|---|---|
| 005 | 20240913125842.0 | ||
| 008 | 240913s9999||||xx |||||||||||||| ||und|| | ||
| 041 | _aENGLISH | ||
| 082 | _A617 Q6 | ||
| 100 | _aDas S | ||
| 245 | 2 | _aA Concise Textbook of Surgery | |
| 250 | _a9th | ||
| 260 |
_c2016 _bSD Publica |
||
| 500 | _aREFERENCE | ||
| 650 |
_aRenal Dialysis Technology _bAllied Health Science |
||
| 942 | _cREF | ||
| 999 |
_c246408 _d246408 |
||